000
00323nam a2200133Ia 4500
008
190723s9999 xx 000 0 und d
020
_a
978-93-325-8761-8
100
_a
Brookshear J.Glenn
245
0
_a
Computer Science : An overview
250
_a
12th
260
_a
India
_b
Pearson
_c
2017
300
_a
640.:p
942
_c
BK
999
_c
1856
_d
1856